| 000 | 00888nam a2200277 i 4500 | ||
|---|---|---|---|
| 003 | EG-GICUC | ||
| 005 | 20260402103750.0 | ||
| 008 | 260402s1963 uk ||||fr|||| 00| 0 eng d | ||
| 040 |
_aEG-GiCUC _beng _cEG-GiCUC _dEG-GiCUC _eRda |
||
| 082 | 0 | 4 |
_221 _a341.79 _bAN . C |
| 092 | 0 | 4 | _221 |
| 099 | _aLaw1 11 341.79 AN . C 1963 | ||
| 100 | 1 |
_aAnderson,J.N.D _eAuthor. |
|
| 245 |
_aChanging Law In Developing Countries / _cJ.N.D.Anderson . |
||
| 264 | 1 |
_aLondon : _bGeorge Allen & Unwin LTD , _c1963 . |
|
| 300 |
_a292 page ; _c24 cm. |
||
| 336 |
_2rda contenu _a texte |
||
| 337 |
_2rda medias _aOrdinateur |
||
| 338 |
_2 transporteur rda _a Ressource en ligne |
||
| 546 | _aText in English | ||
| 650 | _aPublic International Law | ||
| 650 | _aInternational Commercial Law | ||
| 856 | 4 | 0 | _uhttps://fll.law.cu.edu.eg/fulltext/bks/B11-06638.pdf |
| 905 | _a59 | ||
| 942 |
_2ddc _n0 _cBK _e21 |
||
| 999 |
_c68400 _d68400 |
||